| 000 | 00740nam a2200193 i 4500 | ||
|---|---|---|---|
| 001 | 74472 | ||
| 003 | ES-MaACL | ||
| 005 | 20251210143058.0 | ||
| 007 | t| | ||
| 008 | 040920s1972 sp ||||1| spa d | ||
| 100 | 1 |
_aGonzález Menéndez, Eduardo. _958805 |
|
| 245 | 1 | 4 |
_aUna patología respiratoria de creciente interés _b: las micosis pulmonares : discurso de ingreso en la Real Academia de Medicina / _cEduardo González Menéndez, contestación Valentín Matilla Gómez. |
| 260 |
_aOviedo : _bAcademia de la Historia, _c1972. |
||
| 300 |
_a126 p., 11 lám. ; _c24 cm. |
||
| 700 | 1 |
_aMatilla, Valentín. _979075 |
|
| 710 | 0 |
_aAcademia de Medicina _c(Oviedo) _91187 |
|
| 852 |
_aES-MaACL _jC-44465 _bR.83364 |
||
| 999 |
_c74472 _d74472 |
||